000 00583nam a2200229Ia 4500
003 OSt
005 20220924153331.0
006 a|||||r|||| 00| 0
007 ta
008 220923b |||||||| |||| 00| 0 guj d
024 _a347947
037 _cTextual
040 _aARTS
_cARTS
_bguj
041 _2guj
_aguj
082 _aQ2:4, 156J3
100 _aGovindbhai Pitambhar
_9228552
245 0 _aNamitik karam prakash sampuran
260 _c1953
650 _aRELIGION
942 _hQ2:4, 156J3
_cTEXL
_2CC
999 _c473194
_d473194